| 000 | 01523cam a2200277 a 4500 | ||
|---|---|---|---|
| 001 | 000014312 | ||
| 003 | DO-SdBNP | ||
| 005 | 20251118121326.0 | ||
| 008 | 731009s1971 ve a 000 0 spa | ||
| 035 | _a(DLC) 72326200 | ||
| 035 | _a(OCoLC)713559 | ||
| 040 |
_aDO-SdBNP _bspa _cBNPHU _dOCoLC _dDLC |
||
| 049 | _aBNGR | ||
| 082 |
_a332.11 _bL879s |
||
| 100 | 1 |
_aLosada, Benito Raúl, _d1923- _932276 |
|
| 245 | 1 | 0 |
_aSíntesis monetaria / _cBenito Raúl Losada. |
| 260 |
_aCaracas : _bBanco Central de Venezuela, _c1971. |
||
| 300 |
_axvi, 159 p. : _bil. ; _c24 cm. |
||
| 490 | 1 |
_aAniversario _v30 |
|
| 505 | 0 | _aBenito Raúl Losada: Curriculum vitae -- Prólogo, por A. Machado Gómez -- Venezolana Política monetaria -- Politica de tenencia de reservas-- Cooperación financiera entre bancos, centrales -- Discurso pronunciado en nombre de los gobernadores latinoamericanos en la asamblea anual del Fondo Monetario Internacional, Washington, 2 de octubre de 1968 -- Alternativas en el manejo de reservas -- Consideraciones sobre los tipos de cambio fluctuantes -- Declaraciones sobre la evolución de la economía venezolana Durante 1968 -- Declaraciones sobre la evolución de la economía venazolana Durante 1969 -- Declaraciones sobre la evolución de la economía venezolana Durante 1970. | |
| 650 | 4 |
_aBancos centrales _zVenezuela. _954908 |
|
| 651 | 4 |
_aVenezuela _xCondiciones económicas _y1918-1958. _930367 |
|
| 830 | 0 |
_aAniversario ; _v30 _932278 |
|
| 910 | _aCatalogación por copia/LC | ||
| 942 |
_2ddc _cLBS1 |
||
| 999 |
_c13908 _d13908 |
||